Loading...

Repertorium für Kunstwissenschaft : XXXI. Band

Saved in:
Bibliographic Details
Other Authors: Thode, Henry (Editor, HerausgeberIn)
Tschudi, Hugo von (Editor, HerausgeberIn)
Document Type: Online Resource Book
Language:German
Published: Berlin : Druck und Verlag von Georg Reimer , 1908
Edition:Photomechanischer Nachdruck Walter de Gruyter & Co., Berlin 1968
Series:Repertorium für Kunstwissenschaft Band 31
Online Access:lizenzpflichtig
lizenzpflichtig
Cover
Cover
Cover
Related Items:Erscheint auch als: :
Author Notes:redigiert von Henry Thode und Hugo von Tschudi
LEADER 07867cam a2201393 c 4500
001 1028540272
003 DE-627
005 20260507170049.0
007 cr uuu---uuuuu
008 180629s1908 gw |||||o 00| ||ger c
020 |a 9783111441696  |9 978-3-11-144169-6 
024 7 |a 10.1515/9783111441696  |2 doi 
035 |a (DE-627)1028540272 
035 |a (DE-576)507054393 
035 |a (DE-599)GBV1028540272 
035 |a (DE-627-1)023935243 
035 |a (DE-B1597)89317 
040 |a DE-627  |b ger  |c DE-627  |e rda 
041 |a ger 
044 |c XA-DE 
072 7 |a ARC000000  |2 bisacsh 
072 7 |a ART000000  |2 bisacsh 
072 7 |a ARC 000000  |2 bisacsh 
072 7 |a ART 000000  |2 bisacsh 
245 0 0 |a Repertorium für Kunstwissenschaft  |b XXXI. Band  |c redigiert von Henry Thode und Hugo von Tschudi 
250 |a Photomechanischer Nachdruck Walter de Gruyter & Co., Berlin 1968 
264 1 |a Berlin  |b Druck und Verlag von Georg Reimer  |c 1908 
300 |a 1 Online-Ressource (VI, 589 Seiten) 
336 |a Text  |b txt  |2 rdacontent 
337 |a Computermedien  |b c  |2 rdamedia 
338 |a Online-Ressource  |b cr  |2 rdacarrier 
490 0 |a Repertorium für Kunstwissenschaft  |v Band 31 
505 8 0 |t Frontmatter -- ; Inhaltsverzeichnis -- ; Botticellis Primavera  |r Escherich, Mela -- 
505 8 0 |t Kleine Beiträge zur älteren Rothenburger Kunstgeschichte  |r Gümbel, Albert -- 
505 8 0 |t Zur Geschichte der altösterreichischen Malerei  |r Suida, Wilhelm -- 
505 8 0 |t Ein neues Jugendbildnis Albrecht Dürers  |r Weber, Albrecht -- 
505 8 0 |t Zum Holzschnittwerke Jörg Breus d. Ä  |r Röttinger, Heinrich -- 
505 8 0 |t Ein unbeschriebener Kupferstich von Marcanton  |r Kristeller, Paul -- 
505 8 0 |t Zu den Grünewald-Studien von Fr. Bock  |r Schmid, H. A. -- 
505 8 0 |t Literaturbericht  |r Fabriezy, C. v. / Friedländer / Bredius, A. / Ubisch, E. v. -- 
505 8 0 |t Ausstellungen  |r Sarre, F. -- 
505 8 0 |t Bei der Redaktion eingegangene Werke -- ; Über zwei Architekturzeichnungen Michelangelos in der Casa Buonarroti in Florenz  |r Burger, Fritz -- 
505 8 0 |t Nochmals über einige Zeichnungen alter Meister in Oxford  |r Beckerath, A. von -- 
505 8 0 |t Zur Kenntnis Giorgiones  |r Schmidt, Wilhelm -- 
505 8 0 |t Malerische Porträts aus dem deutschen Mittelalter vom 8. bis zum Ende des 13. Jahrhunderts  |r Kemmerich, Max -- 
505 8 0 |t Ein Bildnis Robert II. de la Marck  |r Jantzen, Hans -- 
505 8 0 |t Eine neue archivalische Dürernotiz. Zur Veit- Stoßforschung  |r Gümbel, Albert -- 
505 8 0 |t Die Illustratoren des »Beschlossen gart des rosenkranz mariae«  |r Vollmer, Hans -- 
505 8 0 |t Rembrandtiana  |r Restorff, Niels -- 
505 8 0 |t Zu Tizian in Padua -- ; Zur Inschrift des »Gothaer Liebespaares«  |r Escheruh, Mela -- 
505 8 0 |t Literaturbericht  |r Schmerber, Hugo / Friedländer / Redslob, Edwin / Burger, Fritz / Oettingen, W. v. -- 
505 8 0 |t Mitteilungen über neue Forschungen -- ; Nekrolog Karl Aldenhovens  |r Scheibler, Ludwig -- 
505 8 0 |t Bei der Redaktion eingegangene Werke -- ; Studien zur Trecentomalerei  |r Suida, Wilhelm -- 
505 8 0 |t Ein Beitrag zu Mathias Grünewald  |r Escherich, Mela -- 
505 8 0 |t Der niederländische Bildhauer Wilhelm Vernuken in hessischen Diensten  |r Scherer, Carl -- 
505 8 0 |t Die Dresdener Correggiomagdalena — eine Kopie von Albani?  |r Schmidt, James von -- 
505 8 0 |t Zur Augsburgischen Kunstgeschichte  |r Schmidt, Wilhelm -- 
505 8 0 |t Cranachs Kanonbild vom Jahre 1508  |r Dodgson, Campbell -- 
505 8 0 |t Literaturbericht  |r Friedländer / Raspe / Fabriczy, C. v. / Schmerber, Hugo / Wulff, O. -- 
505 8 0 |t Mitteilungen über neue Forschungen -- ; Ergebnisse des VII. Internationalen Kunsthistorischen Kongresses zu Darmstadt -- ; Bei der Redaktion eingegangene Werke -- ; Zu den Lünetten und Stichkappen der Sixtina  |r Wurm, Alois -- 
505 8 0 |t Der Westbau der Palastkapelle Karls des Großen zu Aachen und seine Einwirkung auf den romanischen Turmbau in Deutschland  |r Sommerfeld, Ernst von -- 
505 8 0 |t Hanns Scholler, ein deutscher Bildschnitzer am böhmischen Hofe (1490–1517)  |r Gümbel, Albert -- 
505 8 0 |t Zu einigen Handzeichnungen Rembrandts  |r Saxl, Fritz -- 
505 8 0 |t Grünewalds Stuppacher Bild und die Mainzer Liebfrauenkirche  |r Rieffel, Franz -- 
505 8 0 |t Literaturbericht  |r Friedländer / Wölfflin, H. / Fabriczy, C. v. / Boehn, M. v. -- 
505 8 0 |t Mitteilungen über neue Forschungen -- ; Bei der Redaktion eingegangene Werke -- ; Kritische Studien zu Giorgione  |r Gronau, Georg -- 
505 8 0 |t Martin Hess  |r Gebhardt, Carl -- 
505 8 0 |t Zwei Buchillustrationen Hans Holbeins des Älteren  |r Glaser, Curt -- 
505 8 0 |t Über die »Wunder von Mariazell«  |r Schmidt, Wilhelm -- 
505 8 0 |t Ein Miniaturporträt Albrecht Altdorfers nach dem Leben  |r Hildebrandt, Hans -- 
505 8 0 |t Ein russisches Dokument zur Geschichte von Memlings Jüngstem Gericht in Danzig  |r Schmidt, James v. -- 
505 8 0 |t Zu Werken Alvise Vivarinis  |r Halden -- 
505 8 0 |t Die Flucht nach Ägypten von Rubens  |r Restorff, Niels -- 
505 8 0 |t Literaturbericht  |r Schmidt, James v. -- 
505 8 0 |t Franz Wickhoffs Anzeige  |r Aubert, Andreas -- 
505 8 0 |t Eine Entgegnung  |r Hadeln / Bürger, Fritz -- 
505 8 0 |t Bei der Redaktion eingegangene Werke -- ; Kritische Studien zu Giorgione  |r Gronau, Georg -- 
505 8 0 |t Beziehungen Donatellos zur altchristlichen Kunst  |r Escherich, Mela -- 
505 8 0 |t Eine Madonnenstatuette des Veit Stoß im South Kensington Museum  |r Voss, Hermann -- 
505 8 0 |t Bemerkungen zu den Münchener Rembrandtzeichnungen  |r Saxl, Fritz -- 
505 8 0 |t Über Reproduktionen von Kunstwerken  |r Kristeller, Paul -- 
505 8 0 |t Zum Oeuvre Paris Bordones  |r Hadeln -- 
505 8 0 |t Literaturbericht  |r Wulff, O. / Diez, Ernst / Simon, Karl / Weizsäcker, H. / Swarzenski / Brüning, Adolf / Schmerber, Hugo / Friedländer / Vitzthum / Benkard, Ernst A. / Schapire, Rosa / Kaesbach / Falke -- 
505 8 0 |t Bei der Redaktion eingegangene Werke 
506 1 |a Restricted Access  |e Controlled Vocabulary for Access Rights  |f online access with authorization  |u http://purl.org/coar/access_right/c_16ec  |2 star 
650 4 |a Bildende Kunst. 
650 4 |a Kunstgewerbe. 
650 4 |a Nachschlagewerk. 
650 4 |a ART / General 
650 4 |a ARCHITECTURE / General 
700 1 |a Thode, Henry  |d 1857-1920  |e HerausgeberIn  |0 (DE-588)119116898  |0 (DE-627)133843696  |0 (DE-576)163299986  |4 edt 
700 1 |a Tschudi, Hugo von  |d 1851-1911  |e HerausgeberIn  |0 (DE-588)118624377  |0 (DE-627)139189343  |0 (DE-576)163357218  |4 edt 
776 1 |z 9783111075419 
776 0 8 |i Erscheint auch als  |n Druck-Ausgabe  |t :  |d 1908  |w (DE-627)340795824 
856 4 0 |u https://doi.org/10.1515/9783111441696  |m X:GRUY  |x Resolving-System  |z lizenzpflichtig  |3 Volltext  |7 1 
856 4 0 |u https://www.degruyterbrill.com/isbn/9783111441696  |m X:GRUY  |x Verlag  |z lizenzpflichtig  |7 1 
856 4 2 |u https://www.degruyterbrill.com/doc/cover/9783111441696.jpg  |x Verlag  |3 Cover  |7 1 
856 4 2 |u https://www.degruyterbrill.com/cover/covers/9783111441696.jpg  |m X:GRUY  |x Verlag  |3 Cover  |7 1 
856 4 2 |u https://www.degruyterbrill.com/document/cover/isbn/9783111441696/original  |m X:GRUY  |x Verlag  |3 Cover  |7 1 
912 |a ZDB-23-DGG 
912 1 |a ZDB-23-DGG 
912 |a EBA-BACKALL 
912 |a EBA-CL-AD 
912 |a EBA-DGALL 
912 |a EBA-EBKALL 
912 |a EBA-SSHALL 
912 |a EBA-STMALL 
912 |a GBV-deGruyter-alles 
912 |a ZDB-23-GAA  |b 1990 
912 |a ZDB-23-GBA  |b 1990 
912 |a BSZ-23-EBA-C1UB 
912 |a EBA-EXCL 
912 |a EBA-EBKALL2 
912 |a EBA-CL-MUAR 
912 |a EBA-SSHALL2 
912 |a ZDB-23-GAA  |b 1990 
950 |a de Gruyter E-Books 
951 |a BO 
999 |a KXP-PPN1028540272  |e 3746239990